000 00276nam a2200133Ia 4500
100 _a#N/A
650 _aComputers
942 _cBK
654 _aRED HAT LINUX
245 _aCOMPLETE REFERENCE RED HAT LINUX
260 _bTata McGraw Hil
082 _bPET
546 _aENGLISH
999 _c35238
_d35238